000 00915nas a2200265 4500
001 6287
003 GR-kaGGEEl
005 20220622205358.0
035 _a8992
090 _a6287
100 _a20100512b19691989k y0grey50 ga
101 0 _agre
102 _aCY
106 _ae
110 _ac||| 0|||
200 1 _aΤα Νέα [εφημερίδα]
_eέπαλξη εθνικών και κοινωνικών αγώνων
210 _aΛευκωσία
_d1969 - 1989
310 _aΗ εφημερίδα είναι δεμένη σε 2 τόμους μεγάλου μεγέθους.
310 _aΗ βιβλιοθήκη διαθέτει τα εξής: 1973 (Ιαν.-Οκτ.), 1974 (Μαρτ.-Ιουν.)
606 1 _aΤύπος, Κυπριακός
_923970
607 _aΚύπρος
_xΕφημερίδες
_916682
676 _a079.5645
942 _cCR